| 000 | 00598nam a2200193Ia 4500 | ||
|---|---|---|---|
| 999 |
_c21528 _d21528 |
||
| 003 | OSt | ||
| 005 | 20200131113110.0 | ||
| 008 | 190216s9999||||xx |||||||||||||| ||und|| | ||
| 020 | _a9780198075967 | ||
| 040 | _coclc | ||
| 082 |
_a305.5122095414 _bBAN/C |
||
| 100 |
_aBandyopadhyay, Sekhar _91696 |
||
| 245 | 0 |
_aCast, Protest And Identity In Colonial India / _cSekhar Bandyopadhyay |
|
| 250 | _a2nd ed. | ||
| 260 |
_bOxford University Press, _c2011. _aNew Delhi: |
||
| 300 | _a363p | ||
| 650 | _aHistory | ||
| 942 |
_cBK _2ddc _h305.5122095414 _iBAN/C _k305.5122095414 _mBAN/C |
||